000 00686nam a2200121Ia 4500
008 220620s9999||||xx |||||||||||||| ||und||
100 _aColman, Jonathan
245 2 _aA 'special relationship'?: Harold Wilson, Lyndon B Johnson and Anglo-American relations 'at the summit', 1964-8
546 _aEnglish[eng]
650 _aamerica||diplomacy||politics||transatlantic||britain||East of Suez||London||Lyndon B. Johnson||United States||Vietnam||White House
856 _uhttps://library.oapen.org/bitstream/20.500.12657/35072/1/341316.pdf||https://library.oapen.org/bitstream/20.500.12657/35072/1/341316.pdf||https://library.oapen.org/bitstream/20.500.12657/35072/1/341316.pdf
942 _cEB
999 _c23598
_d23598